000 01182nam a2200265 a 4500
005 20151221102920.0
008 090730s2001 ck bo gr 00010 spa d
040 _aCO-BoBLA
_cCO-BoBLA
_dCO-BoIAVH
041 _aspa
044 _ack
082 0 4 _a578.778
_bL14l
245 1 3 _aLa laguna de Navío Quebrado :
_bel ambiente y su gente /
_cTextos Ana Lucía Trujillo Cárdenas ; investigadores Proyecto Prolagunas Stefano Negri ...[et al.] ; fotografías Jaime Díaz, Alessandro Dessi, Augusto Ragazzoni.
260 3 _aBogotá :
_bUniversidad de Bogotá Jorge Tadeo Lozano,
_c2001.
300 _a15 páginas :
_bmapas, fotografías. ;
_c28 x 22 cm.
650 1 6 _aLagunas
_x Medio ambiente
_z La Guajira (Colombia)
_945225
650 6 _aEcosistemas lacustres.
_945217
650 4 _aEcología de lagunas.
_945218
651 6 _aNavío Quebrado (Laguna, La Guajira, Colombia)
_x Aspectos ambientales.
_945226
700 1 _aTrujillo Cárdenas, Ana Lucía
_945227
700 1 _aNegri, Stefano.
_945221
700 1 _aDíaz, Jaime,
_efotografía
_945222
700 1 _aDessi, Alessandro,
_efotografía
_945223
700 1 _aRagazzoni, Augusto,
_efotografía
_945224
942 _2ddc
_cLIBRO
999 _c3106
_d3106